000 00398nam a22001337a 4500
005 20170926113758.0
008 170926b xxu||||| |||| 00| 0 eng d
040 _cPK-LaUMT
082 _aZIAC 279.1409538
_bLES-
245 _aLes effets de la legislation Islamique sur la prevention du crime en Arabie Saoudite/
260 _aRome:
_bMinstere de linterieur,
_c1980
300 _a592 p.
942 _cBK
999 _c98517
_d98517